000 01036nam a2200217Ia 4500
999 _c40364
_d40364
001 6972
003 GE_BSU
005 20190628200647.0
008 181216s1974||||ge |||||||||||||| ||geo||
041 _ageo
080 _a621.825(083.74) ჭ-34
100 _aჭელიძე, დ.
_93106
245 _aქუროები ამძრავებისათვის (სტანდარტები,ნორმალები და გაანგარიშების ტიპიური მაგალითები)
_cდ. ჭელიძე ; გ. ჭელიძე ; რედ : ე. კირვალიძე.
264 _aთბილისი :
_bსპი,
_c1974.
300 _a99 გვ .:
_bილ ;
_c20 სმ.
504 _aბიბლიოგრ.:გვ.97
653 _aქუროები ამძრავებისათვის
700 _aჭელიძე,გ.
_93107
700 _aკირვალიძე, ე
_eრედაქტორი
_93108
942 _cBK
_2udc